Gateway to Ham Radio:all about Amateur Radio (Record no. 221836)
[ view plain ]
| 000 -LEADER | |
|---|---|
| fixed length control field | 00622nam a22002297a 4500 |
| 005 - DATE AND TIME OF LATEST TRANSACTION | |
| control field | 20220312103118.0 |
| 008 - FIXED-LENGTH DATA ELEMENTS--GENERAL INFORMATION | |
| fixed length control field | 220312b ||||| |||| 00| 0 eng d |
| 020 ## - INTERNATIONAL STANDARD BOOK NUMBER | |
| International Standard Book Number | 9788193886816 |
| 040 ## - CATALOGING SOURCE | |
| Transcribing agency | AL |
| 041 ## - LANGUAGE CODE | |
| Language code of text/sound track or separate title | English |
| 082 ## - DEWEY DECIMAL CLASSIFICATION NUMBER | |
| Edition number | 23 |
| Classification number | 621.3841 |
| Item number | MATG |
| 100 ## - MAIN ENTRY--PERSONAL NAME | |
| Personal name | Joseph Mattappally |
| 100 ## - MAIN ENTRY--PERSONAL NAME | |
| 9 (RLIN) | 23469 |
| 245 ## - TITLE STATEMENT | |
| Title | Gateway to Ham Radio:all about Amateur Radio |
| 250 ## - EDITION STATEMENT | |
| Edition statement | 2 |
| 260 ## - PUBLICATION, DISTRIBUTION, ETC. | |
| Place of publication, distribution, etc. | Kochi |
| Name of publisher, distributor, etc. | Main Stream Media |
| Date of publication, distribution, etc. | 2021 |
| 300 ## - PHYSICAL DESCRIPTION | |
| Extent | 238 p. |
| Other physical details | PB |
| Dimensions | 21x14 cm. |
| 365 ## - TRADE PRICE | |
| Currency code | ₹ |
| Unit of pricing | ₹375.00 |
| 650 ## - SUBJECT ADDED ENTRY--TOPICAL TERM | |
| Topical term or geographic name entry element | Basic Electronics |
| 9 (RLIN) | 23462 |
| 650 ## - SUBJECT ADDED ENTRY--TOPICAL TERM | |
| Topical term or geographic name entry element | Radio |
| 9 (RLIN) | 23463 |
| 700 ## - ADDED ENTRY--PERSONAL NAME | |
| Personal name | MATTAPPALLY (Joseph) |
| 9 (RLIN) | 23464 |
| 942 ## - ADDED ENTRY ELEMENTS (KOHA) | |
| Source of classification or shelving scheme | Dewey Decimal Classification |
| Koha item type | Donated Books |
| Withdrawn status | Lost status | Source of classification or shelving scheme | Damaged status | Not for loan | Collection code | Home library | Current library | Date acquired | Total Checkouts | Full call number | Barcode | Date last seen | Date last checked out | Cost, replacement price | Price effective from | Koha item type |
|---|---|---|---|---|---|---|---|---|---|---|---|---|---|---|---|---|
| Dewey Decimal Classification | Electronics | St Aloysius Library | St Aloysius Library | 03/08/2022 | 1 | 621.3841 MATG | D04799 | 12/12/2025 | 07/18/2025 | 375.00 | 03/12/2022 | Donated Books |